[Event "PRO League Stage"]
[Site "Chess.com INT"]
[Date "2018.02.07"]
[Round "5"]
[White "Anand, Viswanathan"]
[Black "Gledura, Benjamin"]
[Result "1-0"]
[WhiteElo "2767"]
[BlackElo "2612"]
[PlyCount "47"]
[EventDate "2018.01.18"]
[EventType "team-swiss (rapid)"]
[EventRounds "9"]
[EventCountry "USA"]
[SourceTitle "CBM 182 Extra"]
[Source "ChessBase"]
[SourceDate "2018.02.23"]
[SourceVersion "1"]
[SourceVersionDate "2018.02.23"]
[SourceQuality "1"]
[WhiteTeam "Mumbai Movers"]
[BlackTeam "Oslo Trolls"]
[WhiteTeamCountry "IND"]
[BlackTeamCountry "NOR"]

1. e4 c6 2. d4 d5 3. exd5 cxd5 4. Nf3 Nc6 5. Bb5 Bg4 6. h3 Bxf3 7. Qxf3 e6 8.
c3 Bd6 9. O-O Nge7 10. Nd2 O-O 11. Qe2 Qc7 12. g3 a6 13. Ba4 b5 14. Bd1 b4 15.
Nf3 bxc3 16. bxc3 Na5 17. Bd2 Nc4 18. Bb3 Rfc8 19. Rac1 a5 20. Bg5 Ng6 21. Bc2
Rab8 22. Bd3 h6 23. Bxg6 hxg5 24. Nxg5 1-0

[Event "PRO League Stage"]
[Site "Chess.com INT"]
[Date "2018.02.14"]
[Round "6"]
[White "Anand, Viswanathan"]
[Black "Abdusattorov, Nodirbek"]
[Result "1-0"]
[WhiteElo "2767"]
[BlackElo "2516"]
[PlyCount "73"]
[EventDate "2018.01.18"]
[EventType "team-swiss (rapid)"]
[EventRounds "9"]
[EventCountry "USA"]
[SourceTitle "CBM 182 Extra"]
[Source "ChessBase"]
[SourceDate "2018.02.23"]
[SourceVersion "1"]
[SourceVersionDate "2018.02.23"]
[SourceQuality "1"]
[WhiteTeam "Mumbai Movers"]
[BlackTeam "Volga Stormbringers"]
[WhiteTeamCountry "IND"]
[BlackTeamCountry "RUS"]

1. e4 e5 2. Nf3 Nc6 3. Bb5 a6 4. Ba4 Nf6 5. O-O Be7 6. Re1 b5 7. Bb3 d6 8. c3
O-O 9. h3 Bb7 10. d4 Re8 11. Nbd2 Bf8 12. a3 Nb8 13. dxe5 dxe5 14. Ng5 Re7 15.
Nxf7 Rxf7 16. Nf3 Qxd1 17. Rxd1 c5 18. Be6 Bxe4 19. Nxe5 Raa7 20. Bf4 Nc6 21.
Nxf7 Rxf7 22. Bd6 Nd8 23. Bxf7+ Nxf7 24. Bxf8 Kxf8 25. Re1 Bd5 26. a4 b4 27.
cxb4 cxb4 28. Rac1 Nd6 29. Red1 Nde8 30. Rd4 b3 31. Rc5 Be4 32. f3 Bb7 33. Rd3
Ke7 34. Re5+ Kf7 35. Rxb3 Bd5 36. Rbe3 Nd6 37. Rd3 1-0

[Event "Grenke Chess Classic 5th"]
[Site "Karlsruhe/Baden-Baden"]
[Date "2018.04.01"]
[Round "2"]
[White "Vachier Lagrave, Maxime"]
[Black "Anand, Viswanathan"]
[Result "1-0"]
[WhiteElo "2789"]
[BlackElo "2776"]
[Annotator "Szabo,Kr"]
[PlyCount "75"]
[EventDate "2018.03.31"]
[EventType "tourn"]
[EventRounds "9"]
[EventCountry "GER"]
[EventCategory "20"]
[SourceTitle "CBM 184"]
[Source "ChessBase"]
[SourceDate "2018.05.16"]
[SourceVersion "1"]
[SourceVersionDate "2018.05.16"]
[SourceQuality "1"]

1. e4 c5 2. Nf3 e6 3. d4 cxd4 4. Nxd4 Nc6 5. Nc3 Qc7 6. Be3 a6 7. Qf3 {The
most fashionable line nowadays.} Nf6 (7... Ne5) ({and} 7... Bd6 {are also
common moves.}) 8. O-O-O Ne5 9. Qg3 b5 10. a3 (10. f4 {is the most popular
continuation.}) 10... Bb7 11. Bxb5 $5 {This is a typical sacrifice in this
type of position. Black still hasn't been able to finish his development, so
sometimes White has this breaking move.} Rc8 $1 $146 {A nice cool-blooded
novelty by Anand. Black ignores the b5-bishop, he continues the pressure on
the c-file and he will get back the e4-pawn.} (11... axb5 $2 {is bad obviously,
as} 12. Ndxb5 Qb8 13. Bb6 $16 {and Black is in trouble.}) ({The tempting} 11...
Bxa3 $6 {is dubious, because} 12. Bf4 $1 Bd6 13. Nxe6 $1 fxe6 14. Rxd6 $1 {
What a good tactical blow!} Qxd6 15. Bxe5 Qe7 16. Bd6 Qf7 17. Bd3 Rc8 18. Re1 (
18. f3 Rc6 19. Ba3 $16 {Frolyanov-Khanin, Kazan 2017, and Black can't castle.})
18... Qg6 19. Qe3 $16 {Admiraal-Leenhouts, Belgium 2017, and White has a lot
of threats, he is clearly better.}) 12. Ba4 (12. Be2 $5 {was the another
option.}) 12... Nxe4 13. Nxe4 Bxe4 14. Bf4 Qc4 $1 {The smart solution of the
pin.} (14... Qa5 {is also possible,} 15. Bxe5 Qxa4 {and transposing to the
text move.}) 15. Bxe5 ({In the event of} 15. Bb3 Nd3+ $1 16. Kb1 (16. Rxd3 $2 {
does not work, as there is} Qxd3 $17) 16... Qxd4 17. cxd3 Bg6 $132 {with a
complicated position.}) 15... Qxa4 16. Rd2 {The best way to protect c2.} f6 17.
Bd6 Kf7 18. Re1 Bg6 19. Bxf8 ({Keeping the tension with} 19. Ree2 {was
probably more accurate,} Bxd6 20. Qxd6 Rhe8 21. f4 $36 {and the white pieces
are more active.}) 19... Rhxf8 20. Qd6 Kg8 21. f4 Rfe8 $6 {A straightforward
continuation, but here this is an inaccuracy.} (21... Qc4 $1 {was the correct
reply!} 22. Qxd7 ({or} 22. Kb1 $6 e5 $1 23. fxe5 fxe5 $17 {and suddenly White
is in trouble.}) 22... Bf7 23. Nxe6 Qa2 $132 {with a double-edged fight.}) 22.
Re3 $1 {White activates his rook and controls the important c3-square.} Qc4 23.
b3 {White could consolidate his position, the black queen has to go back.
White's position is promising.} Qc7 24. Qxc7 Rxc7 25. Kb2 Rb8 26. g4 ({Of
course not} 26. c4 $2 {, because of} Rxc4 $1 {.}) 26... Bf7 27. a4 Rc5 28. Ne2
$1 {The knight wasn't already so useful on d4, so White opens the d-file for
the rook.} Rc7 ({In the event of} 28... d5 $6 29. Nd4 $1 {the knight comes
back again, because now the e6-pawn is weak.} Rb6 30. Rde2 $18 {and Black
can't protect the e6-pawn.}) 29. Rd6 $1 Ra7 30. Red3 Be8 31. f5 {Black is very
passive, White can improve his position without allowing any counterplay.
White blocks the dark-squares.} exf5 32. gxf5 Rc8 33. Nc3 Rc5 34. R3d5 Rc6 35.
Ne4 Kf7 36. Rd3 Rac7 37. c4 {Finally the c-pawn also advances.} g6 $6 {Loses
immediately, but Black's position was already bad.} (37... Ke7 38. R6d4 $16 {
followed by Nd6 and Black simply can't play.}) 38. fxg6+ {and Black resigned,
because he loses the f6-pawn.} (38. fxg6+ hxg6 39. Nxf6 $18) 1-0

[Event "Bundesliga 1718 playoff"]
[Site "Baden-Baden"]
[Date "2018.05.24"]
[Round "1.3"]
[White "Van Wely, Loek"]
[Black "Anand, Viswanathan"]
[Result "1/2-1/2"]
[WhiteElo "2667"]
[BlackElo "2760"]
[PlyCount "65"]
[EventDate "2018.05.24"]
[EventType "team-match"]
[EventRounds "1"]
[EventCountry "GER"]
[SourceTitle "CBM 185"]
[Source "ChessBase"]
[SourceDate "2018.07.13"]
[SourceVersion "1"]
[SourceVersionDate "2018.07.13"]
[SourceQuality "1"]
[WhiteTeam "Solingen"]
[BlackTeam "Baden-Baden"]
[WhiteTeamCountry "GER"]
[BlackTeamCountry "GER"]

1. d4 Nf6 2. c4 e6 3. Nf3 d5 4. Nc3 Be7 5. Bg5 h6 6. Bh4 dxc4 7. e3 c5 8. Bxc4
cxd4 9. Nxd4 O-O 10. O-O Bd7 11. Qb3 Nc6 12. Nxc6 Bxc6 13. Rfd1 Qa5 14. Bb5
Bxb5 15. Nxb5 Rfd8 16. h3 a6 17. Nc3 b5 18. a4 Rxd1+ 19. Rxd1 g5 20. Bg3 b4 21.
Ne2 Rc8 22. Bd6 Bxd6 23. Rxd6 Nd5 24. Qd1 Qc5 25. Rxa6 Qc2 26. Qxc2 Rxc2 27.
Nd4 Rxb2 28. a5 b3 29. Ra8+ Kg7 30. Rb8 Rb1+ 31. Kh2 b2 32. a6 Ra1 33. Rxb2
1/2-1/2

[Event "Norway Masters blitz 6th"]
[Site "Stavanger"]
[Date "2018.05.27"]
[Round "3"]
[White "Anand, Viswanathan"]
[Black "Vachier Lagrave, Maxime"]
[Result "1-0"]
[WhiteElo "2760"]
[BlackElo "2789"]
[PlyCount "79"]
[EventDate "2018.05.27"]
[EventType "tourn (blitz)"]
[EventRounds "9"]
[EventCountry "NOR"]
[EventCategory "22"]
[SourceTitle "CBM 185"]
[Source "ChessBase"]
[SourceDate "2018.07.13"]
[SourceVersion "1"]
[SourceVersionDate "2018.07.13"]
[SourceQuality "1"]

1. Nf3 d5 2. g3 g6 3. Bg2 Bg7 4. c4 dxc4 5. Na3 Nc6 6. Nxc4 e5 7. O-O Nge7 8.
d3 O-O 9. Bd2 Be6 10. Rc1 a5 11. Bc3 f6 12. b3 Qd7 13. Nfd2 Rfd8 14. Ne4 b6 15.
Bb2 Nd5 16. Nc3 Nce7 17. Nxd5 Bxd5 18. Bxd5+ Nxd5 19. Qc2 Bh6 20. Rcd1 Qe6 21.
a3 c5 22. e4 Ne7 23. f4 exf4 24. gxf4 Bg7 25. Kh1 f5 26. Bxg7 Kxg7 27. Qc3+ Rd4
28. Rde1 Rad8 29. Ne5 Kg8 30. Qc2 fxe4 31. dxe4 Nc6 32. Nf3 Rd3 33. f5 gxf5 34.
exf5 Qd5 35. Qg2+ Kh8 36. f6 Qg8 37. Ng5 h6 38. f7 Qxg5 39. Qxg5 hxg5 40. Re8+
1-0

[Event "Norway Chess 6th"]
[Site "Stavanger"]
[Date "2018.05.29"]
[Round "2"]
[White "Nakamura, Hikaru"]
[Black "Anand, Viswanathan"]
[Result "1/2-1/2"]
[WhiteElo "2769"]
[BlackElo "2760"]
[PlyCount "77"]
[EventDate "2018.05.28"]
[EventType "tourn"]
[EventRounds "9"]
[EventCountry "NOR"]
[EventCategory "22"]
[SourceTitle "CBM 185"]
[Source "ChessBase"]
[SourceDate "2018.07.13"]
[SourceVersion "1"]
[SourceVersionDate "2018.07.13"]
[SourceQuality "1"]

1. d4 Nf6 2. c4 e6 3. Nf3 d5 4. Nc3 Be7 5. cxd5 exd5 6. h3 O-O 7. Bf4 c5 8.
dxc5 Bxc5 9. e3 Nc6 10. Be2 d4 11. exd4 Bxd4 12. O-O Bxc3 13. bxc3 h6 14. Qb3
Ne4 15. Qc2 Re8 16. Bd3 Nc5 17. Bh7+ Kh8 18. Be3 Qa5 19. Nd2 Na4 20. Nc4 Qxc3
21. Nd6 Re7 22. Qxa4 Kxh7 23. Rac1 Qf6 24. Nxc8 Rxc8 25. Bxa7 Nxa7 26. Rxc8
Nxc8 27. Qc2+ Qg6 28. Qxc8 Re2 29. Qxb7 Rxa2 30. Qb1 Qxb1 31. Rxb1 h5 32. h4 g6
33. g3 Ra3 34. Kg2 Ra2 35. Rb7 Kg7 36. Rc7 Kf6 37. Rb7 Kg7 38. Rc7 Kf6 39. Rb7
1/2-1/2

[Event "Norway Chess 6th"]
[Site "Stavanger"]
[Date "2018.06.05"]
[Round "7"]
[White "Vachier Lagrave, Maxime"]
[Black "Anand, Viswanathan"]
[Result "0-1"]
[WhiteElo "2789"]
[BlackElo "2760"]
[Annotator "Szabo,Kr"]
[PlyCount "80"]
[EventDate "2018.05.28"]
[EventType "tourn"]
[EventRounds "9"]
[EventCountry "NOR"]
[EventCategory "22"]
[SourceTitle "CBM 185"]
[Source "ChessBase"]
[SourceDate "2018.07.13"]
[SourceVersion "1"]
[SourceVersionDate "2018.07.13"]
[SourceQuality "1"]

1. e4 e5 2. Nf3 Nc6 3. Bb5 a6 4. Ba4 Nf6 5. O-O Nxe4 6. d4 b5 7. Bb3 d5 8. dxe5
Be6 9. c3 Be7 10. Nbd2 O-O 11. Re1 (11. Bc2 {is the other main line.}) 11...
Nc5 12. Nd4 Nxd4 13. cxd4 Nd3 14. Re3 Nf4 15. Nf3 (15. Bc2 {is another
continuation.}) 15... Bg4 16. h3 Bh5 17. Rc3 $1 $146 {A very accurate novelty
by Vachier Lagrave.} (17. Bc2 {(Ye Jiangchuan-Norri, Helsinki 1992)} {and
Black should have been played} c5 $1 $132 {with good counterplay.}) 17... Ne6
18. g4 {An ambitious move, White avoids the pin, so Black can't play for ...
Bg5.} ({Nevertheless} 18. Be3 {was more natural,} Bg5 19. Qe2 ({or} 19. Rc6 {
with strong pressure on the c-file, so White's position seems to be more
comfortable.})) 18... Bg6 19. Be3 a5 (19... Be4 $5 {was also an interesting
option.}) 20. Bc2 Bb4 21. Rb3 f5 $1 {The white kingside is a little bit weak,
so Black starts to attack there and opens the f-file.} 22. exf6 Bxc2 23. Qxc2
Qxf6 24. Ne5 c5 $1 {I like this move so much! Black ignores the Nd7, he just
concentrates on the activity!} 25. Nd7 Qf7 26. Nxf8 Rxf8 {White is a clear
exchange up, but his R is bad on b3 and Black's pieces are very active on both
sides.} 27. Qf5 {This is the human move to simplify the position, as the white
K is a little bit weak.} (27. dxc5 $6 {is weak, as} d4 $1 $36) ({However} 27.
a3 $1 {was the most accurate,} c4 28. axb4 cxb3 29. Qxb3 Qf3 30. Qd1 Qxh3 31.
bxa5 $1 {White has to create counterplay.} Nf4 32. Bxf4 Rxf4 33. Ra3 $1 Rxg4+
34. Rg3 Rxg3+ 35. fxg3 Qxg3+ 36. Kf1 $11 {and equal. What a nice variation!})
27... cxd4 (27... c4 $1 {was even stronger,} 28. Rxb4 Qd7 $1 {This is the
point! Black protects the d5 for tempo!} (28... axb4 29. Qxd5 $132) 29. Qe5
axb4 30. Bd2 h5 $1 $36 {and Black looks nicely placed.}) 28. Qxf7+ Rxf7 29.
Rxb4 $2 {A mistake, from now White's position becomes bad.} (29. a3 $1 {
was the only correct reply,} Nc5 30. Rxb4 axb4 31. Bxd4 Nb3 32. Rd1 $11 {
and the position is drawish.}) 29... axb4 30. Bd2 b3 $1 $17 {The most precise
move!} 31. axb3 Rf3 32. b4 Rd3 {The black R is very active on the 3rd rank.}
33. Re1 Kf7 34. Bc1 Rxh3 35. Re5 Rd3 36. Kf1 (36. Kg2 Rd1 $19 {is also
hopeless for White.}) 36... Rd1+ 37. Re1 Rxe1+ 38. Kxe1 g6 39. f4 Nd8 ({
The simple} 39... h5 {was also winning,} 40. f5 gxf5 41. gxh5 f4 $19) 40. g5
Ke6 {Great game by Anand!} 0-1

[Event "Leuven GCT blitz"]
[Site "Leuven"]
[Date "2018.06.15"]
[Round "3"]
[White "So, Wesley"]
[Black "Anand, Viswanathan"]
[Result "1/2-1/2"]
[WhiteElo "2778"]
[BlackElo "2759"]
[PlyCount "120"]
[EventDate "2018.06.12"]
[EventType "tourn (blitz)"]
[EventRounds "18"]
[EventCountry "BEL"]
[EventCategory "22"]
[SourceTitle "CBM 185"]
[Source "ChessBase"]
[SourceDate "2018.07.13"]
[SourceVersion "1"]
[SourceVersionDate "2018.07.13"]
[SourceQuality "1"]

1. Nf3 Nf6 2. c4 e6 3. Nc3 d5 4. e3 c5 5. cxd5 exd5 6. d4 Nc6 7. Bb5 cxd4 8.
Nxd4 Bd7 9. O-O Bd6 10. b3 O-O 11. Bb2 Re8 12. Nf3 Bg4 13. Bxc6 bxc6 14. Rc1
Be5 15. Na4 Bxb2 16. Nxb2 Rc8 17. h3 Bxf3 18. Qxf3 c5 19. Rfd1 Qa5 20. Na4 c4
21. Qf5 h6 22. Rc2 Rb8 23. Nc3 cxb3 24. axb3 Rxb3 25. Nxd5 Nxd5 26. Rxd5 Qa1+
27. Kh2 Rbb8 28. Rc7 Rf8 29. Ra5 Qd1 30. Rd7 Qb1 31. Qf4 Rb7 32. Rxa7 Rxa7 33.
Rxa7 Qb6 34. Rc7 Qf6 35. Qg3 Re8 36. Rc5 g6 37. h4 Re4 38. f4 Qe7 39. Rc3 h5
40. Qf2 Kg7 41. Rb3 Rc4 42. Qb2+ Qf6 43. Qxf6+ Kxf6 44. Kg3 Kg7 45. Kf3 f5 46.
Rb7+ Kf6 47. Rb6+ Kf7 48. Rd6 Rc2 49. g3 Rb2 50. Rd7+ Kf6 51. Rd3 Kf7 52. e4
fxe4+ 53. Kxe4 Kf6 54. Rd6+ Kf7 55. f5 Rb4+ 56. Ke5 gxf5 57. Rf6+ Kg7 58. Rxf5
Kg6 59. Rf6+ Kg7 60. Rf4 Rb3 1/2-1/2

[Event "Paris GCT blitz"]
[Site "Paris"]
[Date "2018.06.24"]
[Round "15"]
[White "Anand, Viswanathan"]
[Black "Karjakin, Sergey"]
[Result "1-0"]
[WhiteElo "2759"]
[BlackElo "2782"]
[Annotator "Yermolinsky,A"]
[PlyCount "61"]
[EventDate "2018.06.23"]
[EventType "tourn (blitz)"]
[EventRounds "18"]
[EventCountry "FRA"]
[EventCategory "22"]
[SourceTitle "CBM 185"]
[Source "ChessBase"]
[SourceDate "2018.07.13"]
[SourceVersion "1"]
[SourceVersionDate "2018.07.13"]
[SourceQuality "1"]

1. e4 e5 2. Nf3 Nc6 3. Bb5 a6 4. Ba4 Nf6 5. O-O Be7 6. d3 b5 7. Bb3 d6 8. a3
O-O 9. Nc3 Na5 10. Ba2 Be6 11. b4 Nc6 12. Nd5 Nd4 13. Nxf6+ Bxf6 14. Nxd4 exd4
15. Bxe6 fxe6 16. Bd2 e5 17. f4 exf4 18. Bxf4 a5 {An active move attempted at
an inappropriate moment.} (18... Qd7 {should hold this together with no
particular difficulty. Another question is, why go into this line against an
older, and presumably more tired opponent?}) 19. Qh5 $1 c6 20. a4 $1 {Timely
counterstrike!} axb4 21. axb5 Be7 22. Bg3 Rxa1 23. Rxa1 Qb6 $2 (23... cxb5 24.
Qxb5 Qc7) 24. Qg4 Kh8 25. Qd7 Bg5 26. Qxd6 Rc8 27. bxc6 h6 28. c7 Qb7 29. h4
Be3+ 30. Kh2 Rg8 31. Qa6 1-0

[Event "Wch Rapid"]
[Site "St Petersburg"]
[Date "2018.12.26"]
[Round "2"]
[White "Demidov, Mikhail"]
[Black "Anand, Viswanathan"]
[Result "1/2-1/2"]
[WhiteElo "2520"]
[BlackElo "2773"]
[PlyCount "48"]
[EventDate "2018.12.26"]
[EventType "swiss (rapid)"]
[EventRounds "15"]
[EventCountry "RUS"]
[SourceTitle "CBM 187 Extra"]
[Source "ChessBase"]
[SourceDate "2018.11.04"]
[SourceVersion "1"]
[SourceVersionDate "2018.11.04"]
[SourceQuality "1"]

1. d4 Nf6 2. Nf3 d5 3. c4 e6 4. e3 Be7 5. Nc3 O-O 6. Bd3 c5 7. O-O dxc4 8. Bxc4
Nc6 9. a3 a6 10. dxc5 Qxd1 11. Rxd1 Bxc5 12. b4 Be7 13. Bb2 Bd7 14. Ne4 Rfd8
15. Nxf6+ Bxf6 16. Bxf6 gxf6 17. Rac1 Kf8 18. Kf1 Ke7 19. Ke1 Rac8 20. Be2 Na7
21. Nd4 Ba4 22. Rxc8 Rxc8 23. Ra1 Rc7 24. Kd2 Rd7 1/2-1/2

[Event "Wch Rapid"]
[Site "St Petersburg"]
[Date "2018.12.26"]
[Round "3"]
[White "Anand, Viswanathan"]
[Black "Levin, Evgeny A"]
[Result "1-0"]
[WhiteElo "2773"]
[BlackElo "2516"]
[PlyCount "81"]
[EventDate "2018.12.26"]
[EventType "swiss (rapid)"]
[EventRounds "15"]
[EventCountry "RUS"]
[SourceTitle "CBM 187 Extra"]
[Source "ChessBase"]
[SourceDate "2018.11.04"]
[SourceVersion "1"]
[SourceVersionDate "2018.11.04"]
[SourceQuality "1"]

1. e4 e6 2. d4 d5 3. Nc3 Nf6 4. e5 Nfd7 5. f4 c5 6. Nf3 Nc6 7. Be3 a6 8. Qd2 b5
9. Nd1 cxd4 10. Nxd4 Nxd4 11. Bxd4 Bc5 12. c3 O-O 13. Be2 f6 14. O-O fxe5 15.
fxe5 Rxf1+ 16. Bxf1 Bb7 17. Qe3 Rc8 18. Nf2 Qb6 19. a3 Bxd4 20. cxd4 b4 21.
axb4 Qxb4 22. Ra3 Rc7 23. Rb3 Qe7 24. Qd2 Qd8 25. Nd3 Qh4 26. Nf4 Nf8 27. g3
Qe7 28. Rb6 Bc8 29. Rd6 Rd7 30. Rc6 Rc7 31. Qc3 Rxc6 32. Qxc6 Qb4 33. Qxc8
Qxd4+ 34. Kh1 Qe4+ 35. Ng2 Qb1 36. Qxa6 Qxb2 37. Qe2 Qxe2 38. Bxe2 g5 39. Ne1
Nd7 40. Nd3 Kf7 41. Kg2 1-0

[Event "Wch Rapid"]
[Site "St Petersburg"]
[Date "2018.12.26"]
[Round "4"]
[White "Timofeev, Artyom"]
[Black "Anand, Viswanathan"]
[Result "1/2-1/2"]
[WhiteElo "2589"]
[BlackElo "2773"]
[PlyCount "141"]
[EventDate "2018.12.26"]
[EventType "swiss (rapid)"]
[EventRounds "15"]
[EventCountry "RUS"]
[SourceTitle "CBM 187 Extra"]
[Source "ChessBase"]
[SourceDate "2018.11.04"]
[SourceVersion "1"]
[SourceVersionDate "2018.11.04"]
[SourceQuality "1"]

1. c4 e5 2. e3 Nf6 3. Nc3 Bb4 4. Nge2 c6 5. a3 Ba5 6. b4 Bc7 7. Bb2 O-O 8. d4
d5 9. cxd5 cxd5 10. Nb5 e4 11. Nxc7 Qxc7 12. Rc1 Qe7 13. Ng3 Nbd7 14. Be2 Nb6
15. O-O Bd7 16. b5 a6 17. bxa6 bxa6 18. Qd2 Bb5 19. Bc3 Bxe2 20. Bb4 Qd7 21.
Qxe2 Rfc8 22. Rxc8+ Qxc8 23. f3 Qe6 24. fxe4 dxe4 25. Rf5 Nbd7 26. h3 g6 27.
Ra5 Nd5 28. Qc2 N7f6 29. Bd2 Rb8 30. Rc5 Qb6 31. Kh2 Qb1 32. Rc8+ Kg7 33. Qc5
Rxc8 34. Qxc8 Qd3 35. Qc1 h5 36. a4 Ng8 37. Nh1 f5 38. Qe1 Nge7 39. Nf2 Qb3 40.
a5 Qb8+ 41. Kg1 Qb5 42. Qf1 Qxf1+ 43. Kxf1 Nc8 44. Nd1 Nd6 45. Nb2 h4 46. Ke2
Kf7 47. Na4 Nb7 48. Nb2 Ke6 49. Nc4 Nd6 50. Ne5 g5 51. Nc6 f4 52. Nb8 Nf5 53.
Nxa6 fxe3 54. Nc5+ Ke7 55. Be1 Nxd4+ 56. Kd1 Nf4 57. a6 e2+ 58. Kd2 Nc6 59.
Nxe4 Nxg2 60. Nxg5 Kd7 61. Kxe2 Nxe1 62. Kxe1 Kc7 63. Nf3 Nb4 64. a7 Kb7 65.
Nxh4 Nd3+ 66. Kf1 Nf4 67. Nf5 Nxh3 68. Ne3 Kxa7 69. Nc4 Ng5 70. Ne3 Ne6 71. Nc4
1/2-1/2

[Event "Wch Rapid"]
[Site "St Petersburg"]
[Date "2018.12.26"]
[Round "5"]
[White "Anand, Viswanathan"]
[Black "Sakaev, Konstantin"]
[Result "1/2-1/2"]
[WhiteElo "2773"]
[BlackElo "2584"]
[PlyCount "61"]
[EventDate "2018.12.26"]
[EventType "swiss (rapid)"]
[EventRounds "15"]
[EventCountry "RUS"]
[SourceTitle "CBM 187 Extra"]
[Source "ChessBase"]
[SourceDate "2018.11.04"]
[SourceVersion "1"]
[SourceVersionDate "2018.11.04"]
[SourceQuality "1"]

1. e4 c5 2. Nf3 d6 3. d4 cxd4 4. Nxd4 Nf6 5. Nc3 a6 6. h3 e5 7. Nf3 Be7 8. Bc4
Be6 9. Bb3 Nbd7 10. Bg5 O-O 11. O-O b5 12. Bxf6 Nxf6 13. Qd3 Rc8 14. a3 Bxb3
15. cxb3 Qb6 16. Rfd1 Rc6 17. b4 Qb7 18. Nh2 Bd8 19. a4 bxa4 20. Rxa4 Bb6 21.
Nf3 Rfc8 22. Rda1 Rc4 23. Nd2 Rd4 24. Qxa6 Qxa6 25. Rxa6 Rxd2 26. Rxb6 h5 27.
b5 Rc4 28. Ra4 Rxa4 29. Nxa4 Rd4 30. Nc3 Nxe4 31. Nxe4 1/2-1/2

[Event "Wch Rapid"]
[Site "St Petersburg"]
[Date "2018.12.27"]
[Round "8"]
[White "Saric, Ivan"]
[Black "Anand, Viswanathan"]
[Result "1-0"]
[WhiteElo "2695"]
[BlackElo "2773"]
[PlyCount "85"]
[EventDate "2018.12.26"]
[EventType "swiss (rapid)"]
[EventRounds "15"]
[EventCountry "RUS"]
[SourceTitle "CBM 187 Extra"]
[Source "ChessBase"]
[SourceDate "2018.11.04"]
[SourceVersion "1"]
[SourceVersionDate "2018.11.04"]
[SourceQuality "1"]

1. e4 e5 2. Nf3 Nc6 3. Bb5 a6 4. Ba4 Nf6 5. O-O Nxe4 6. d4 b5 7. Bb3 d5 8. dxe5
Be6 9. Nbd2 Be7 10. c3 O-O 11. Bc2 f5 12. Nb3 Qd7 13. Nfd4 Nxd4 14. Nxd4 c5 15.
Nxe6 Qxe6 16. f3 Ng5 17. a4 Rad8 18. axb5 axb5 19. Ra7 Rd7 20. Rxd7 Qxd7 21. f4
Ne4 22. g4 Kh8 23. gxf5 Qxf5 24. Qe2 c4 25. Be3 b4 26. Qg2 bxc3 27. bxc3 Ra8
28. Kh1 h6 29. Bd4 Ra6 30. e6 Bf6 31. Bxe4 Qxe4 32. Qxe4 dxe4 33. Bxf6 gxf6 34.
f5 Ra5 35. Rf4 Re5 36. Kg2 Kg7 37. Kf2 Kf8 38. Ke3 Ke7 39. Rf2 h5 40. Kf4 e3
41. Re2 Ra5 42. Rxe3 Ra2 43. Rh3 1-0

[Event "Wch Rapid"]
[Site "St Petersburg"]
[Date "2018.12.28"]
[Round "11"]
[White "Anton Guijarro, David"]
[Black "Anand, Viswanathan"]
[Result "1/2-1/2"]
[WhiteElo "2642"]
[BlackElo "2773"]
[PlyCount "48"]
[EventDate "2018.12.26"]
[EventType "swiss (rapid)"]
[EventRounds "15"]
[EventCountry "RUS"]
[SourceTitle "CBM 187 Extra"]
[Source "ChessBase"]
[SourceDate "2018.11.04"]
[SourceVersion "1"]
[SourceVersionDate "2018.11.04"]
[SourceQuality "1"]

1. e4 e5 2. Nf3 Nc6 3. Bc4 Bc5 4. c3 Nf6 5. d4 exd4 6. e5 d5 7. Bb5 Ne4 8. cxd4
Bb6 9. Nc3 O-O 10. Be3 f6 11. Qb3 Ba5 12. exf6 Nxf6 13. Bxc6 bxc6 14. Ne5 Qd6
15. O-O c5 16. Na4 c4 17. Qc2 Ng4 18. Nxg4 Bxg4 19. Bd2 Bb6 20. Nxb6 axb6 21.
f3 Bf5 22. Qc3 Bd3 23. Rfe1 Rfe8 24. a3 h6 1/2-1/2

[Event "Wch Rapid"]
[Site "St Petersburg"]
[Date "2018.12.28"]
[Round "13"]
[White "Anand, Viswanathan"]
[Black "Korobov, Anton"]
[Result "1/2-1/2"]
[WhiteElo "2773"]
[BlackElo "2698"]
[PlyCount "82"]
[EventDate "2018.12.26"]
[EventType "swiss (rapid)"]
[EventRounds "15"]
[EventCountry "RUS"]
[SourceTitle "CBM 187 Extra"]
[Source "ChessBase"]
[SourceDate "2018.11.04"]
[SourceVersion "1"]
[SourceVersionDate "2018.11.04"]
[SourceQuality "1"]

1. e4 c5 2. Nf3 d6 3. d4 cxd4 4. Nxd4 Nf6 5. Nc3 a6 6. Be3 e5 7. Nf3 Qc7 8. a4
Be7 9. Be2 O-O 10. O-O h6 11. a5 Be6 12. Nd5 Nxd5 13. exd5 Bf5 14. c4 Nd7 15.
b4 Rac8 16. Rc1 Bh7 17. Nd2 f5 18. f3 Bg5 19. Qb3 Kh8 20. Rfd1 Nf6 21. Kh1 Qf7
22. Bxg5 hxg5 23. c5 dxc5 24. Nc4 Rcd8 25. d6 cxb4 26. Qxb4 e4 27. Ne5 Qe6 28.
Qd4 exf3 29. Bxf3 Ne4 30. Bxe4 fxe4 31. h3 e3 32. Qxe3 Rxd6 33. Rxd6 Qxd6 34.
Qxg5 Kg8 35. Ng4 Be4 36. Qe3 Qd5 37. Qe2 Re8 38. Ra1 Re6 39. Ra3 Bf5 40. Qf3
Qxf3 41. gxf3 Bxg4 1/2-1/2